[Event "5MCRV_F"]
[Site "?"]
[Date "2005.??.??"]
[Round "?"]
[White "Kostal, Jindrich"]
[Black "Splichal, Josef"]
[Result "1/2-1/2"]
[WhiteElo "2384"]
[BlackElo "2261"]
[PlyCount "67"]
[EventDate "2005.??.??"]
[EventType "corr"]
[SourceDate "2005.09.30"]

1. e4 e5 2. Nf3 Nc6 3. Bb5 Nf6 4. O-O Nxe4 5. d4 Nd6 6. Bxc6 dxc6 7. dxe5 Nf5
8. Qxd8+ Kxd8 9. Nc3 Bd7 10. Rd1 Ke8 11. h3 Rd8 12. Bg5 Be7 13. Rd2 Bxg5 14.
Nxg5 h6 15. Nf3 Be6 16. Rad1 Rxd2 17. Rxd2 a5 18. b3 Ne7 19. Nd4 Ng6 20. Nxe6
fxe6 21. Rd4 Rf8 22. Rg4 Kf7 23. Ra4 b6 24. f4 Rd8 25. Re4 c5 26. g3 h5 27. h4
Ne7 28. Re2 Kg6 29. Nb5 Rd1+ 30. Kg2 Rd7 31. Kf2 Kf7 32. Nc3 Kg6 33. Ne4 Kf5
34. Kf3 1/2-1/2

[Event "5MCRV_F"]
[Site "?"]
[Date "2005.??.??"]
[Round "?"]
[White "Valak, Alois"]
[Black "Trs, Jan"]
[Result "1-0"]
[WhiteElo "2333"]
[BlackElo "2252"]
[PlyCount "90"]
[EventDate "2005.??.??"]
[EventType "corr"]
[SourceDate "2005.09.30"]

1. e4 c6 2. d4 d5 3. Nc3 dxe4 4. Nxe4 Nd7 5. Ng5 Ngf6 6. Bd3 e6 7. N1f3 h6 8.
Ne4 Nxe4 9. Bxe4 Nf6 10. Bd3 c5 11. O-O cxd4 12. Nxd4 Bc5 13. Be3 Qb6 14. b4
Bxd4 15. Bxd4 Qxb4 16. Rb1 Qe7 17. Bc3 Qc5 18. Qf3 Qg5 19. Bb4 Qd5 20. Qg3 Nh5
21. Qc7 Bd7 22. c4 Qc6 23. Qe5 Nf6 24. Be2 Qc8 25. Bf3 Bc6 26. Qd6 Qd7 27. Bxc6
bxc6 28. Qg3 Rg8 29. Rfd1 Qc8 30. Qd6 Qd7 31. Qf4 Qc8 32. Ba3 c5 33. Qf3 Nd7
34. Rxd7 Kxd7 35. Qxf7+ Kd6 36. Rd1+ Kc6 37. Qe7 Qc7 38. Qxc5+ Kb7 39. Qb5+ Qb6
40. Qd7+ Ka6 41. Qa4+ Kb7 42. c5 Rad8 43. cxb6 Rxd1+ 44. Qxd1 axb6 45. Qd7+ Ka6
1-0

[Event "5MCRV_F"]
[Site "?"]
[Date "2005.??.??"]
[Round "?"]
[White "Sykora, Josef"]
[Black "Dedina, Miroslav"]
[Result "1-0"]
[WhiteElo "2397"]
[BlackElo "2308"]
[PlyCount "93"]
[EventDate "2005.??.??"]
[EventType "corr"]
[SourceDate "2005.09.30"]

1. Nf3 Nf6 2. c4 g6 3. g3 Bg7 4. Bg2 O-O 5. O-O d6 6. Nc3 c5 7. d4 Nc6 8. d5
Na5 9. Nd2 Bd7 10. Rb1 a6 11. b3 b5 12. Qc2 bxc4 13. bxc4 Rb8 14. Rxb8 Qxb8 15.
Bb2 Ng4 16. h3 Nf6 17. Nce4 Nxe4 18. Bxg7 Kxg7 19. Bxe4 Kg8 20. Kh2 e5 21. Rb1
Qd8 22. Qb2 f5 23. Bg2 Bc8 24. Qb6 Kf7 25. Qb8 Qe7 26. e3 h6 27. Bf1 Bb7 28.
Qa7 Bc8 29. Qb6 Qd8 30. Qb2 Nb7 31. f4 e4 32. Qa3 Na5 33. Be2 Re8 34. Kg2 Rg8
35. g4 Kg7 36. Rb8 Qc7 37. Qb2+ Kh7 38. Qb6 Rg7 39. Kf2 Nb7 40. Qxc7 Rxc7 41.
Ra8 Nd8 42. h4 Nf7 43. h5 Kg7 44. hxg6 Kxg6 45. Kg3 Bd7 46. Rxa6 Rb7 47. Nb3
1-0

[Event "5MCRV_F"]
[Site "?"]
[Date "2005.??.??"]
[Round "?"]
[White "Kuta, Jiri"]
[Black "Dedina, Miroslav"]
[Result "1/2-1/2"]
[WhiteElo "2310"]
[BlackElo "2308"]
[PlyCount "78"]
[EventDate "2005.??.??"]
[EventType "corr"]
[SourceDate "2005.09.30"]

1. d4 Nf6 2. c4 g6 3. Nc3 d5 4. Nf3 Bg7 5. Qb3 dxc4 6. Qxc4 O-O 7. e4 Na6 8.
Be2 c5 9. d5 e6 10. O-O exd5 11. exd5 Nb4 12. Bg5 h6 13. Bxf6 Bxf6 14. Rad1 b6
15. a3 Ba6 16. Qf4 Bxe2 17. Nxe2 Re8 18. Nc3 Nc2 19. Qxh6 Nd4 20. Qf4 Kg7 21.
Nxd4 Bxd4 22. d6 Qf6 23. Qxf6+ Bxf6 24. Nb5 Re2 25. b4 a6 26. Nc7 Rd8 27. bxc5
bxc5 28. Rd5 Bb2 29. Rfd1 Bxa3 30. Kf1 Ra2 31. d7 c4 32. Ra5 c3 33. Ne8+ Kf8
34. Nf6 Rd2 35. Rxd2 cxd2 36. Ke2 Be7 37. Rxa6 Bxf6 38. Rxf6 Rxd7 39. Kd1 Rd5
1/2-1/2

[Event "5MCRV_F"]
[Site "?"]
[Date "2005.??.??"]
[Round "?"]
[White "Brousek, Jiri"]
[Black "Hladecek, Miloslav"]
[Result "1/2-1/2"]
[WhiteElo "2319"]
[BlackElo "2281"]
[PlyCount "66"]
[EventDate "2005.??.??"]
[EventType "corr"]
[SourceDate "2005.09.30"]

1. d4 d5 2. Nf3 Nf6 3. e3 e6 4. Bd3 c5 5. b3 Nbd7 6. O-O Bd6 7. Bb2 Qc7 8. c4
cxd4 9. cxd5 dxe3 10. dxe6 exf2+ 11. Kh1 fxe6 12. Nc3 Bf4 13. Qe2 O-O 14. Nb5
Qd8 15. Ba3 Re8 16. Nd6 Bxd6 17. Bxd6 Qa5 18. Ne5 Nxe5 19. Bxe5 Bd7 20. Bxf6
gxf6 21. Qxf2 f5 22. Rae1 Qc3 23. Be4 Bb5 24. Re3 Qf6 25. Rfe1 Bc6 26. Bxc6
bxc6 27. Qg3+ Kh8 28. Qd6 Rad8 29. Qxc6 Rc8 30. Qd7 f4 31. R3e2 f3 32. gxf3
Qxf3+ 33. Rg2 Qc3 1/2-1/2

[Event "5MCRV_F"]
[Site "?"]
[Date "2005.??.??"]
[Round "?"]
[White "Nejtek, Jiri"]
[Black "Brousek, Jiri"]
[Result "1-0"]
[WhiteElo "2370"]
[BlackElo "2319"]
[PlyCount "121"]
[EventDate "2005.??.??"]
[EventType "corr"]
[SourceDate "2005.09.30"]

1. e4 e6 2. d4 d5 3. e5 c5 4. Nc3 Nc6 5. Nf3 cxd4 6. Nb5 Bc5 7. a3 Nge7 8. b4
a6 9. bxc5 axb5 10. Rb1 Qa5+ 11. Bd2 Qc7 12. Bb4 Bd7 13. Bxb5 Nxe5 14. Bxd7+
Nxd7 15. O-O Nc6 16. Nxd4 Qf4 17. Nb5 O-O 18. Qc1 Qxc1 19. Rfxc1 Rfd8 20. c4 d4
21. Nd6 Rab8 22. Rb3 Kf8 23. Kf1 Ke7 24. Re1 e5 25. Rh3 h6 26. Nb5 Ke6 27. f4
f6 28. Rg3 g5 29. Rf3 Rf8 30. f5+ Kf7 31. Rh3 Kg7 32. Rb1 Rfd8 33. Nd6 Ra8 34.
Ne4 Ra4 35. Bd2 Rb8 36. Rhb3 Ra7 37. a4 Rxa4 38. Rxb7 Ra7 39. Rxb8 Ncxb8 40. g4
Nc6 41. Ke2 Kf8 42. h4 Nd8 43. hxg5 hxg5 44. Rb6 Nxb6 45. cxb6 Rf7 46. Bb4+ Kg7
47. Kd3 Nc6 48. Ba3 Rb7 49. c5 Rd7 50. Bc1 Rd8 51. Kc4 Nb8 52. Kb5 Rh8 53. Nd2
Rh1 54. Ba3 e4 55. Nxe4 Rb1+ 56. Kc4 d3 57. Bb4 Kf7 58. Bc3 Rg1 59. Kd5 Rc1 60.
b7 Rc2 61. Kd4 1-0

[Event "5MCRV_F"]
[Site "?"]
[Date "2005.??.??"]
[Round "?"]
[White "Trs, Jan"]
[Black "Brousek, Jiri"]
[Result "0-1"]
[WhiteElo "2252"]
[BlackElo "2319"]
[PlyCount "80"]
[EventDate "2005.??.??"]
[EventType "corr"]
[SourceDate "2005.09.30"]

1. c4 e6 2. d4 f5 3. g3 Nf6 4. Bg2 c6 5. Nf3 d5 6. Qc2 Bd6 7. O-O O-O 8. b3 Qe7
9. Ne5 b6 10. cxd5 exd5 11. Nxc6 Nxc6 12. Qxc6 Bb7 13. Qc2 Ne4 14. f3 Rac8 15.
Qd3 Nxg3 16. hxg3 Bxg3 17. Na3 Qh4 18. Rd1 Qh2+ 19. Kf1 f4 20. Bd2 Rc6 21. Be1
Bc8 22. Bxg3 Qxg3 23. Rac1 Rg6 24. Qxg6 Qxg6 25. Nc2 h5 26. Nb4 Be6 27. Rc6 Rf6
28. Rxe6 Rxe6 29. Bh3 Rd6 30. Rc1 Qg3 31. Bf5 h4 32. Nd3 h3 33. Rc8+ Kf7 34.
Rc7+ Kf6 35. Bxh3 Qxh3+ 36. Ke1 Qh1+ 37. Kd2 Qa1 38. Nxf4 Qxa2+ 39. Rc2 Qxb3
40. Nd3 Qa4 0-1

[Event "5MCRV_F"]
[Site "?"]
[Date "2005.??.??"]
[Round "?"]
[White "Valak, Alois"]
[Black "Pytlik, Lesek"]
[Result "1/2-1/2"]
[WhiteElo "2333"]
[BlackElo "2390"]
[PlyCount "99"]
[EventDate "2005.??.??"]
[EventType "corr"]
[SourceDate "2005.09.30"]

1. e4 e6 2. d4 d5 3. Nc3 Bb4 4. exd5 exd5 5. Bd3 Nc6 6. Nge2 Nge7 7. O-O Bg4 8.
f3 Bf5 9. a3 Bxc3 10. bxc3 O-O 11. Ng3 Bxd3 12. cxd3 Qd7 13. Rb1 b6 14. Qa4 a6
15. Re1 Rfe8 16. Bd2 b5 17. Qd1 Nf5 18. Nh5 Rab8 19. Qb3 Rxe1+ 20. Rxe1 a5 21.
Qa2 b4 22. axb4 axb4 23. Nf4 bxc3 24. Bxc3 Nfe7 25. Qa3 h6 26. g4 Ng6 27. Nxg6
fxg6 28. Kg2 g5 29. Re2 Rf8 30. Re3 Rf4 31. Qa8+ Kf7 32. Qa4 Kg6 33. Bb2 Kh7
34. Ba3 Rxd4 35. Qc2 Kh8 36. Bc5 Rf4 37. Qe2 Kh7 38. Re8 Rf7 39. Qe1 Na5 40.
Rb8 Qc6 41. Qxa5 Qf6 42. Kg1 Qxf3 43. Qe1 Qxg4+ 44. Kh1 Qf3+ 45. Kg1 Rf4 46.
Bf2 Qxd3 47. Bg3 Re4 48. Qf1 Re2 49. Rd8 c6 50. Rd6 1/2-1/2

[Event "5MCRV_F"]
[Site "?"]
[Date "2005.??.??"]
[Round "?"]
[White "Dedina, Miroslav"]
[Black "Trs, Jan"]
[Result "1/2-1/2"]
[WhiteElo "2308"]
[BlackElo "2252"]
[PlyCount "79"]
[EventDate "2005.??.??"]
[EventType "corr"]
[SourceDate "2005.09.30"]

1. c4 e5 2. Nc3 Nf6 3. Nf3 Nc6 4. g3 Bb4 5. Nd5 e4 6. Nh4 Bc5 7. Rb1 Nxd5 8.
cxd5 Nb4 9. Bg2 Qf6 10. O-O g5 11. a3 Nxd5 12. b4 Bb6 13. Bb2 Bd4 14. Bxd4 Qxd4
15. Nf5 Qe5 16. f3 e3 17. Qc2 d6 18. Nxe3 Nxe3 19. dxe3 Qxe3+ 20. Kh1 c6 21. f4
Bd7 22. Rb3 Qe7 23. fxg5 Qxg5 24. b5 O-O 25. bxc6 bxc6 26. Rb7 Bg4 27. Qxc6
Bxe2 28. Rfxf7 Rxf7 29. Rxf7 Rc8 30. Qxc8+ Kxf7 31. Qc2 Qh5 32. Qc7+ Ke6 33.
Qxa7 Qe5 34. Bh3+ Kd5 35. Qb7+ Kc4 36. Qb4+ Kd3 37. Bf5+ Ke3 38. Qb1 Qc5 39. h3
Qxa3 40. Bxh7 1/2-1/2

[Event "5MCRV_F"]
[Site "?"]
[Date "2005.??.??"]
[Round "?"]
[White "Hladecek, Miloslav"]
[Black "Trs, Jan"]
[Result "1/2-1/2"]
[WhiteElo "2281"]
[BlackElo "2252"]
[PlyCount "57"]
[EventDate "2005.??.??"]
[EventType "corr"]
[SourceDate "2005.09.30"]

1. e4 c5 2. Nf3 d6 3. d4 cxd4 4. Nxd4 Nf6 5. Nc3 e6 6. Be2 a6 7. O-O Be7 8. Qd3
Nc6 9. Rd1 Nxd4 10. Qxd4 Qc7 11. a4 O-O 12. Qd3 Bd7 13. Bf4 Bc6 14. Bxd6 Bxd6
15. Qxd6 Qxd6 16. Rxd6 Bxe4 17. Nxe4 Nxe4 18. Rd4 Nf6 19. Rad1 Rfc8 20. f4 h6
21. c4 b6 22. Bf3 Rab8 23. Kf2 g5 24. fxg5 hxg5 25. b3 Kf8 26. h3 Ke7 27. g3
Rc5 28. b4 Rc7 29. b5 1/2-1/2

[Event "5MCRV_F"]
[Site "?"]
[Date "2005.??.??"]
[Round "?"]
[White "Splichal, Josef"]
[Black "Nejtek, Jiri"]
[Result "0-1"]
[WhiteElo "2261"]
[BlackElo "2370"]
[PlyCount "98"]
[EventDate "2005.??.??"]
[EventType "corr"]
[SourceDate "2005.09.30"]

1. e4 e5 2. Nf3 Nc6 3. d4 exd4 4. Nxd4 Bc5 5. Be3 Qf6 6. c3 Nge7 7. Qf3 Nxd4 8.
Qxf6 Nc2+ 9. Kd1 Bxe3 10. fxe3 gxf6 11. Kxc2 d6 12. Nd2 Ng6 13. Nf3 Ne5 14. Nd4
a6 15. b3 Ng4 16. Re1 Nf2 17. Rg1 Nxe4 18. Bc4 Ke7 19. Bd5 Nc5 20. g3 Be6 21.
Bg2 c6 22. Rgf1 h5 23. Rf4 Rag8 24. Nf3 Nd7 25. Rf1 Ne5 26. Rb4 Bc8 27. Rf4 Ng6
28. Re4+ Be6 29. Rf2 d5 30. Rd4 Ne5 31. Rf4 b5 32. Re2 Ng6 33. Rd4 Bf5+ 34. Kb2
Be4 35. Rdd2 f5 36. Rf2 h4 37. Nxh4 Nxh4 38. gxh4 Bxg2 39. Rxg2 Rxg2 40. Rxg2
a5 41. c4 Rxh4 42. cxb5 cxb5 43. Kc2 Kd6 44. Rf2 Ke5 45. a3 Ke4 46. Kd2 f4 47.
exf4 Rh3 48. Kc2 a4 49. bxa4 bxa4 0-1

[Event "5MCRV_F"]
[Site "?"]
[Date "2005.??.??"]
[Round "?"]
[White "Brousek, Jiri"]
[Black "Sykora, Josef"]
[Result "0-1"]
[WhiteElo "2319"]
[BlackElo "2397"]
[PlyCount "136"]
[EventDate "2005.??.??"]
[EventType "corr"]
[SourceDate "2005.09.30"]

1. d4 d5 2. Nf3 c6 3. c4 e6 4. Nc3 Nf6 5. Bg5 h6 6. Bxf6 Qxf6 7. e3 Nd7 8. Bd3
dxc4 9. Bxc4 g6 10. O-O Bg7 11. Qb3 O-O 12. Rfd1 Qe7 13. a4 e5 14. d5 Nb6 15.
d6 Qe8 16. a5 Nxc4 17. Qxc4 Rb8 18. Qb4 Be6 19. e4 Qd7 20. Na4 b6 21. Qc3 f6
22. Qd3 c5 23. Nc3 Bf7 24. Nh4 Rfd8 25. axb6 axb6 26. Qg3 Kh7 27. f4 exf4 28.
Qxf4 b5 29. Ra6 f5 30. Nf3 Bb3 31. Re1 Re8 32. e5 g5 33. Qg3 Bc4 34. Raa1 f4
35. Qf2 g4 36. Nh4 Rxe5 37. Rxe5 Bxe5 38. Ne4 Qe6 39. Rd1 Bd4 40. Rxd4 cxd4 41.
Qxf4 Ra8 42. Kf2 Ra1 43. Kg3 Rf1 44. Nf2 d3 45. Qd4 Rxf2 46. Kxf2 Qe2+ 47. Kg3
Qe1+ 48. Kxg4 d2 49. Qa7+ Kh8 50. Ng6+ Kg8 51. Ne7+ Kf8 52. Qb8+ Kf7 53. Qg8+
Kf6 54. Qh8+ Ke6 55. Qc8+ Ke5 56. Qc5+ Ke4 57. Qf5+ Ke3 58. Qf3+ Kd4 59. d7
Qxe7 60. Qc3+ Kc5 61. Qxd2 Be6+ 62. Kh5 Bxd7 63. Kxh6 Qf6+ 64. Kh5 Bf5 65. h3
Bg6+ 66. Kg4 Qf5+ 67. Kh4 Qh5+ 68. Kg3 Qe5+ 0-1

[Event "5MCRV_F"]
[Site "?"]
[Date "2005.??.??"]
[Round "?"]
[White "Sykora, Josef"]
[Black "Valak, Alois"]
[Result "1/2-1/2"]
[WhiteElo "2397"]
[BlackElo "2333"]
[PlyCount "113"]
[EventDate "2005.??.??"]
[EventType "corr"]
[SourceDate "2005.09.30"]

1. Nf3 d5 2. d4 Bf5 3. c4 e6 4. Nc3 c6 5. Qb3 Qb6 6. c5 Qxb3 7. axb3 Nf6 8. Bf4
Nbd7 9. b4 a6 10. b5 cxb5 11. Nxb5 Rc8 12. Nc3 Nh5 13. Bg3 Nxg3 14. hxg3 Be7
15. e3 h6 16. b4 Bf6 17. Kd2 Ke7 18. Ra3 Rhd8 19. b5 b6 20. c6 Nb8 21. Bd3 Bxd3
22. Kxd3 Kf8 23. bxa6 Nxc6 24. Rb1 Na5 25. Nd2 Be7 26. Raa1 Rc6 27. a7 Ra8 28.
Nb5 Ke8 29. e4 dxe4+ 30. Kxe4 Kd7 31. f4 h5 32. Kd3 f6 33. Rh1 Rcc8 34. Rxh5
Nc6 35. Ke2 Nb4 36. f5 exf5 37. Rxf5 Rc2 38. g4 Kc6 39. d5+ Kxb5 40. d6+ Kc6
41. dxe7 Nd5 42. Kd3 Nb4+ 43. Ke3 Nd5+ 44. Rxd5 Kxd5 45. Ne4 Rcc8 46. Rd1+ Ke6
47. Nd6 Rh8 48. e8=Q+ Raxe8 49. Nxe8 Rxe8 50. Ke4 Ra8 51. Ra1 Kd6 52. Kf5 b5
53. Kg6 b4 54. Kxg7 Ke5 55. Ra5+ Kd4 56. Kxf6 b3 57. g5 1/2-1/2

[Event "5MCRV_F"]
[Site "?"]
[Date "2005.??.??"]
[Round "?"]
[White "Kostal, Jindrich"]
[Black "Valak, Alois"]
[Result "1/2-1/2"]
[WhiteElo "2384"]
[BlackElo "2333"]
[PlyCount "87"]
[EventDate "2005.??.??"]
[EventType "corr"]
[SourceDate "2005.09.30"]

1. e4 e5 2. Nf3 Nc6 3. Bb5 Nf6 4. O-O Nxe4 5. d4 Nd6 6. Bxc6 dxc6 7. dxe5 Nf5
8. Qxd8+ Kxd8 9. Nc3 Ke8 10. Rd1 Be7 11. Bg5 Bxg5 12. Nxg5 h6 13. Nf3 Be6 14.
h3 Rd8 15. a3 g5 16. Rxd8+ Kxd8 17. Re1 b6 18. Ne4 c5 19. g4 Ne7 20. Kg2 Nc6
21. Kg3 Ke7 22. h4 gxh4+ 23. Nxh4 h5 24. g5 Nd4 25. c3 Nf5+ 26. Nxf5+ Bxf5 27.
Kh4 Ke6 28. Ng3 Bg6 29. Re3 Re8 30. Rf3 Kd5 31. Rf6 Rxe5 32. Nxh5 Rf5 33. f4 a5
34. Rxf5+ Bxf5 35. Nf6+ Kc4 36. Ng4 Kb3 37. Nh6 Bc2 38. Nxf7 Kxb2 39. Kg4 Bd1+
40. Kf5 a4 41. Kf6 Kxa3 42. g6 Kb2 43. g7 a3 44. g8=Q 1/2-1/2

[Event "5MCRV_F"]
[Site "?"]
[Date "2005.??.??"]
[Round "?"]
[White "Kostal, Jindrich"]
[Black "Nejtek, Jiri"]
[Result "1/2-1/2"]
[WhiteElo "2384"]
[BlackElo "2370"]
[PlyCount "60"]
[EventDate "2005.??.??"]
[EventType "corr"]
[SourceDate "2005.09.30"]

1. e4 e5 2. Nf3 Nf6 3. Nxe5 d6 4. Nf3 Nxe4 5. Nc3 Nxc3 6. dxc3 Be7 7. Bf4 Nc6
8. Bd3 Be6 9. Nd4 Nxd4 10. cxd4 Bg5 11. Qf3 c6 12. O-O Qf6 13. Bxg5 Qxg5 14.
Rfe1 O-O-O 15. b3 Bd5 16. Qf5+ Qxf5 17. Bxf5+ Kb8 18. Bd3 Be6 19. f4 g6 20. c4
Kc7 21. a4 Rhe8 22. a5 d5 23. c5 f6 24. Kf2 Bf5 25. Bxf5 gxf5 26. Re3 Rxe3 27.
Kxe3 Re8+ 28. Kf3 Re4 29. Rd1 h5 30. g3 a6 1/2-1/2

[Event "5MCRV_F"]
[Site "?"]
[Date "2005.??.??"]
[Round "?"]
[White "Skalicky, Frantisek"]
[Black "Hladecek, Miloslav"]
[Result "1/2-1/2"]
[WhiteElo "2255"]
[BlackElo "2281"]
[PlyCount "59"]
[EventDate "2005.??.??"]
[EventType "corr"]
[SourceDate "2005.09.30"]

1. e4 e6 2. d4 d5 3. Nc3 Nf6 4. Bg5 dxe4 5. Nxe4 Nbd7 6. Nf3 Be7 7. Nxf6+ Bxf6
8. Bxf6 Nxf6 9. Bd3 O-O 10. c3 b6 11. Qe2 Bb7 12. O-O Qd6 13. Rad1 Rfd8 14. Ne5
c5 15. dxc5 Qxc5 16. Ng4 Nxg4 17. Qxg4 Rd6 18. Bc2 Rad8 19. Qg3 h6 20. h3 Qg5
21. Qxg5 hxg5 22. f3 f5 23. b3 Rd2 24. Rxd2 Rxd2 25. Rf2 Rd6 26. Kf1 Kf7 27.
Ke1 Ke7 28. Re2 g6 29. c4 Bc6 30. a3 1/2-1/2

[Event "5MCRV_F"]
[Site "?"]
[Date "2005.??.??"]
[Round "?"]
[White "Skalicky, Frantisek"]
[Black "Dedina, Miroslav"]
[Result "1/2-1/2"]
[WhiteElo "2255"]
[BlackElo "2308"]
[PlyCount "88"]
[EventDate "2005.??.??"]
[EventType "corr"]
[SourceDate "2005.09.30"]

1. e4 e5 2. Nf3 Nc6 3. Bb5 a6 4. Ba4 Nf6 5. O-O Nxe4 6. d4 b5 7. Bb3 d5 8. dxe5
Be6 9. c3 Nc5 10. Bc2 Bg4 11. Re1 Be7 12. Nbd2 O-O 13. Nb3 Ne4 14. a4 f5 15.
exf6 Nxf6 16. h3 Bxf3 17. Qxf3 Bd6 18. Bg5 bxa4 19. Rxa4 Ne5 20. Qd1 Nc4 21.
Bxf6 Qxf6 22. Qxd5+ Kh8 23. Re2 Nxb2 24. Rae4 Rab8 25. Nd4 Na4 26. R4e3 Nc5 27.
Nc6 Rbc8 28. Ne5 c6 29. Qd4 Rcd8 30. g3 Bxe5 31. Qxc5 Bb8 32. Re6 Qf3 33. Qxc6
Qxc6 34. Rxc6 Rc8 35. Rxc8 Rxc8 36. Bf5 Rf8 37. Kg2 g6 38. Bd7 Ba7 39. Ra2 a5
40. f4 Rd8 41. Bb5 Bb6 42. Re2 Ra8 43. Re6 Bc5 44. Rc6 Be7 1/2-1/2

[Event "5MCRV_F"]
[Site "?"]
[Date "2005.??.??"]
[Round "?"]
[White "Pytlik, Lesek"]
[Black "Brousek, Jiri"]
[Result "1/2-1/2"]
[WhiteElo "2390"]
[BlackElo "2319"]
[PlyCount "135"]
[EventDate "2005.??.??"]
[EventType "corr"]
[SourceDate "2005.09.30"]

1. e4 e6 2. d4 d5 3. Nc3 Nf6 4. Bg5 dxe4 5. Nxe4 Be7 6. Bxf6 gxf6 7. Nf3 b6 8.
Bc4 Bb7 9. Qe2 c6 10. O-O-O Qc7 11. g3 Nd7 12. Rhe1 O-O-O 13. Kb1 Kb8 14. c3 b5
15. Bb3 Qb6 16. c4 bxc4 17. Bxc4 Qb4 18. Ba6 Bxa6 19. Qxa6 Nb6 20. Qe2 Qb5 21.
Rd3 Ka8 22. Rb3 Qxe2 23. Rxe2 Kb7 24. Rc3 Nd5 25. Rc1 Rd7 26. Rec2 Rc8 27. a3
h6 28. Ka2 Nb6 29. b4 Rd5 30. Nc5+ Bxc5 31. dxc5 Na8 32. Nd2 Nc7 33. Nc4 Nb5
34. a4 Nd4 35. Rd2 Rb8 36. Kb2 e5 37. Kc3 Kc7 38. f4 Nf3 39. Re2 Rbd8 40. Rf1
Rd3+ 41. Kc2 a5 42. bxa5 R3d4 43. Rxf3 Rxc4+ 44. Kb3 Rxc5 45. fxe5 Rb8+ 46. Ka3
fxe5 47. a6 Rb6 48. a7 Ra6 49. Rxf7+ Kd6 50. Rd2+ Ke6 51. Rh7 Rc4 52. Rxh6+ Kf5
53. Rf2+ Kg5 54. Kb3 Rcxa4 55. Rff6 Ra3+ 56. Kc4 Kg4 57. Kc5 Rxa7 58. Kd6 Re3
59. Rh4+ Kg5 60. Ke6 c5 61. Rf5+ Kg6 62. Rg4+ Kh6 63. Rxe5 Ra6+ 64. Kd5 Rd3+
65. Kxc5 Ra2 66. Re6+ Kh7 67. Ree4 Rxh2 68. Re7+ 1/2-1/2

[Event "5MCRV_F"]
[Site "?"]
[Date "2005.??.??"]
[Round "?"]
[White "Nosek, Jaroslav"]
[Black "Kostal, Jindrich"]
[Result "1/2-1/2"]
[WhiteElo "2261"]
[BlackElo "2384"]
[PlyCount "53"]
[EventDate "2005.??.??"]
[EventType "corr"]
[SourceDate "2005.09.30"]

1. d4 Nf6 2. c4 g6 3. Nc3 d5 4. cxd5 Nxd5 5. e4 Nxc3 6. bxc3 Bg7 7. Nf3 c5 8.
Rb1 O-O 9. Be2 b6 10. O-O Bb7 11. Qd3 Qc7 12. d5 Nd7 13. c4 e6 14. Qc2 Qd6 15.
a4 exd5 16. exd5 Rfe8 17. Re1 Re7 18. Bg5 Ree8 19. a5 h6 20. Bc1 Ba6 21. Bb2
Bxb2 22. Rxb2 b5 23. cxb5 Bb7 24. Qd2 Kh7 25. Rc1 Rad8 26. h3 Nf6 27. Rbc2
1/2-1/2

[Event "5MCRV_F"]
[Site "?"]
[Date "2005.??.??"]
[Round "?"]
[White "Hladecek, Miloslav"]
[Black "Nosek, Jaroslav"]
[Result "1-0"]
[WhiteElo "2281"]
[BlackElo "2261"]
[PlyCount "59"]
[EventDate "2005.??.??"]
[EventType "corr"]
[SourceDate "2005.09.30"]

1. e4 c6 2. d4 d5 3. e5 Bf5 4. Nf3 e6 5. Nbd2 Nd7 6. Be2 h6 7. O-O Ne7 8. Nb3
Qc7 9. a4 f6 10. Bd2 fxe5 11. Nxe5 Nxe5 12. dxe5 Qxe5 13. Bc3 Qf4 14. g3 Qd6
15. Bh5+ Kd8 16. Re1 c5 17. Be5 Qc6 18. c4 Rc8 19. cxd5 Nxd5 20. Na5 Qd7 21.
Qb3 b6 22. Nc4 Be7 23. Rad1 Bf6 24. Bf3 Rc6 25. a5 b5 26. Qxb5 Re8 27. a6 Bh3
28. Qa5+ Kc8 29. b4 Rf8 30. b5 1-0

[Event "5MCRV_F"]
[Site "?"]
[Date "2005.??.??"]
[Round "?"]
[White "Pytlik, Lesek"]
[Black "Novak, Vratislav"]
[Result "1/2-1/2"]
[WhiteElo "2390"]
[BlackElo "2262"]
[PlyCount "126"]
[EventDate "2005.??.??"]
[EventType "corr"]
[SourceDate "2005.09.30"]

1. e4 c5 2. Nf3 d6 3. d4 cxd4 4. Nxd4 Nf6 5. Nc3 Nc6 6. Bg5 e6 7. Qd2 a6 8.
O-O-O h6 9. Be3 Be7 10. f4 Bd7 11. Qe1 Qc7 12. Bd3 b5 13. Qg3 h5 14. h3 h4 15.
Qf3 Nxd4 16. Bxd4 b4 17. Bxf6 Bxf6 18. e5 Bc6 19. Be4 d5 20. Bxd5 Rc8 21. Bxc6+
Qxc6 22. Qxc6+ Rxc6 23. Ne2 Be7 24. Nd4 Rc4 25. Rd3 O-O 26. Rhd1 Rfc8 27. R1d2
a5 28. Kd1 Kf8 29. f5 exf5 30. Nxf5 R4c5 31. Re2 Re8 32. Rd4 Bd8 33. Nxh4 Bxh4
34. Rxh4 Rexe5 35. Rxe5 Rxe5 36. Rd4 g5 37. Kd2 Rf5 38. Ke3 Re5+ 39. Re4 Rc5
40. Kd3 Rd5+ 41. Rd4 Rf5 42. c4 bxc3 43. Kxc3 Ke7 44. a3 Rc5+ 45. Kd3 Rf5 46.
Kc2 Rc5+ 47. Kd2 f5 48. b4 Re5 49. g3 axb4 50. axb4 Rb5 51. h4 gxh4 52. Rxh4
Rb6 53. Rd4 Ke6 54. Kc3 Ke5 55. Rd8 Rg6 56. Rd3 Ke4 57. Kc4 Rc6+ 58. Kb5 Rg6
59. Rb3 Kd5 60. Ka5 Kc6 61. b5+ Kb7 62. Re3 Rg7 63. Rd3 Rg6 1/2-1/2

[Event "5MCRV_F"]
[Site "?"]
[Date "2005.??.??"]
[Round "?"]
[White "Skalicky, Frantisek"]
[Black "Pytlik, Lesek"]
[Result "1/2-1/2"]
[WhiteElo "2255"]
[BlackElo "2390"]
[PlyCount "69"]
[EventDate "2005.??.??"]
[EventType "corr"]
[SourceDate "2005.09.30"]

1. e4 e6 2. d4 d5 3. Nc3 Bb4 4. e5 c5 5. a3 Ba5 6. b4 cxd4 7. Nb5 Bc7 8. f4 Ne7
9. Nf3 Bd7 10. Nxc7+ Qxc7 11. Bd3 Ba4 12. O-O Nbc6 13. b5 Na5 14. Qe1 Qb6 15.
Qf2 Nc4 16. Nxd4 Rc8 17. Rb1 a5 18. c3 O-O 19. Kh1 Ng6 20. Qe2 Rfe8 21. Rf3 Nf8
22. Rg3 g6 23. h4 Qc5 24. Kh2 Qe7 25. h5 Qh4+ 26. Rh3 Qe7 27. hxg6 fxg6 28. Qe1
Nd7 29. Qe2 Nf8 30. Qg4 Qf7 31. Be2 Rc7 32. Qg3 Nb6 33. Bd3 Qg7 34. Qf2 Nc4 35.
Kg1 1/2-1/2

[Event "5MCRV_F"]
[Site "?"]
[Date "2005.??.??"]
[Round "?"]
[White "Kuta, Jiri"]
[Black "Bures, Jilji"]
[Result "1/2-1/2"]
[WhiteElo "2310"]
[BlackElo "2349"]
[PlyCount "105"]
[EventDate "2005.??.??"]
[EventType "corr"]
[SourceDate "2005.09.30"]

1. d4 d5 2. c4 e6 3. Nc3 Nf6 4. Nf3 c6 5. e3 Nbd7 6. Qc2 Bd6 7. Bd3 O-O 8. O-O
dxc4 9. Bxc4 Qe7 10. h3 e5 11. a3 Bb8 12. Ba2 h6 13. Bd2 Re8 14. Nh4 Nf8 15.
Rac1 e4 16. f4 Be6 17. Bxe6 Qxe6 18. Rf2 N8d7 19. g4 Nb6 20. Nf5 Bc7 21. Rg2
Nfd5 22. Ne2 Kh7 23. Nfg3 Rad8 24. Kh2 Kh8 25. Kh1 Rc8 26. Nc3 Nxc3 27. Qxc3
Nd5 28. Qc4 Bd6 29. Qa4 a5 30. Qc4 b6 31. Qb3 Bf8 32. Re2 c5 33. dxc5 Rxc5 34.
Ree1 Qd7 35. Rxc5 Bxc5 36. Bc1 a4 37. Qc2 Qc6 38. Rd1 Kg8 39. Nf5 h5 40. Qc4
Ne7 41. Nxe7+ Rxe7 42. gxh5 Rd7 43. Rg1 Kh7 44. Kh2 Rc7 45. Qe2 Be7 46. Bd2 Bf6
47. Rc1 Qb7 48. Bc3 Rc5 49. Rg1 Qc8 50. Bxf6 Rc2 51. Rxg7+ Kh6 52. Qxc2 Qxc2+
53. Rg2 1/2-1/2

[Event "5MCRV_F"]
[Site "?"]
[Date "2005.??.??"]
[Round "?"]
[White "Pytlik, Lesek"]
[Black "Pecka, Josef"]
[Result "1-0"]
[WhiteElo "2390"]
[BlackElo "2303"]
[PlyCount "135"]
[EventDate "2005.??.??"]
[EventType "corr"]
[SourceDate "2005.09.30"]

1. e4 e6 2. d4 d5 3. Nd2 Nf6 4. e5 Nfd7 5. Bd3 c5 6. c3 Nc6 7. Ne2 cxd4 8. cxd4
f6 9. exf6 Nxf6 10. O-O Bd6 11. Nf3 O-O 12. Bf4 Bxf4 13. Nxf4 Ne4 14. Nh5 g6
15. Ng3 Rxf3 16. Qxf3 Nd2 17. Qf4 Nxf1 18. Bxf1 Qb6 19. Rd1 Qxb2 20. Rd3 Qb4
21. Nh5 e5 22. Nf6+ Kg7 23. Ne8+ Kg8 24. Qh4 Qe7 25. Qxe7 Nxe7 26. dxe5 Bf5 27.
Nf6+ Kg7 28. Rd2 g5 29. g3 Rd8 30. f4 gxf4 31. gxf4 Kf7 32. Kf2 Ke6 33. Bc4 Bb1
34. Bb3 b5 35. Rd1 Bf5 36. Rc1 a5 37. Rc5 a4 38. Bd1 Rb8 39. Ke3 d4+ 40. Kd2 h6
41. Rc7 Rd8 42. Rb7 Nd5 43. Nh5 Rd7 44. Rxb5 Ne3 45. Ng3 Nc4+ 46. Ke1 d3 47.
Nxf5 d2+ 48. Ke2 Kxf5 49. Rb4 Rd4 50. Bc2+ Ke6 51. Rxa4 Kd5 52. e6 Kd6 53. Ra6+
Ke7 54. f5 Kf6 55. Ra8 d1=Q+ 56. Bxd1 Nd6 57. Bc2 Rh4 58. a4 Rxh2+ 59. Kd1 Ke7
60. Ra7+ Kf6 61. Rd7 Rh1+ 62. Kd2 Rh2+ 63. Kc1 Nxf5 64. Bxf5 Kxf5 65. e7 Re2
66. a5 Kf6 67. a6 Kf7 68. a7 1-0